Ufuk çizgisindeki adam Özkan Sümer/ (Record no. 14784)

MARC details
000 -BAŞLIK
Sabit Uzunlukta Kontrol Alanı 00782nam a22002417a 4500
999 ## - SİSTEM KONTROL NUMARALARI (KOHA)
Koha Biblionumber 14784
Koha Biblioitemnumber 14784
003 - KONTROL NUMARASI IDENTIFIER
Denetim Alanı MIRAKIL
005 - SON İŞLEM TARİHİ VE ZAMANI
Denetim Alanı 20220131142947.0
008 - SABİT-BOY VERİ ELEMANLARI - GENEL BİLGİLER
Sabit Uzunlukta Kontrol Alanı 220131b tu ||||| |||| 00| 0 tur d
020 ## - ULUSLARARASI STANDART KİTAP NUMARASI
Uluslararası Standart Kitap Numarası 9786257288774
040 ## - KATALOGLAMA KAYNAK
Orijinal Kataloglama Ajansı TR-AnCHP
Metne Dönüştürmek Ajansı TR-AnCHP
041 ## - DİL KODU
Metin / Ses Parça Veya Ayrı Başlığın Dil Kodu tur
082 ## - DEWEY ONLU SINIFLANDIRMA NUMARASI
Sınıflandırma Numarası 927.796334
Ürün Numarası Ç24u 2021
100 ## - ANA GİRİŞ - KİŞİSEL İSİM
Kişisel Ad Çakır, Ahmet
245 10 - BAŞLIK TABLOSU
Başlık Ufuk çizgisindeki adam Özkan Sümer/
Sorumluluk Tablosu, Vb Ahmet Çakır, Cengiz Özkarabekir, Erdal Hoş, ... ve öte.
260 ## - YAYIN, DAĞITIM, VB
Yayın, Dağıtım, Vb Yeri İstanbul:
Yayıncı, Dağıtıcı, Vs Adı İstanbul Büyükşehir Belediyesi,
Yayın, Dağıtım, Vb Tarihi 2021.
300 ## - FİZİKSEL TANIM
Kapsam 208 s.:
504 ## - KAYNAKÇA VB NOT
Kaynakça Vb Notu Dizin vardır.
600 #0 - KONU KATMA GİRİŞ - KURUMSAL ADI
9 (RLIN) 6963
Kişisel Ad Sümer, Özkan
Başlıklar Ve Bir Adla İlişkili Diğer Kelimeler Futbolcu
Bir Adıyla İlişkilendirilen Tarihler 1940-2020
Genel Alt Bölümü Yaşamöyküsü
650 #0 - KONU KATMA GİRİŞ - TOPİKAL DÖNEM
9 (RLIN) 6932
Topikal Süreli Veya Coğrafi Ad Giriş Elemanı Sporcular
Genel Alt Bölümü Futbol
Coğrafi Alt Bölümü Türkiye
700 1# - KATMA GİRİŞ - KİŞİSEL İSİM
9 (RLIN) 4916
Kişisel Ad Özkarabekir, Cengiz
700 ## - KATMA GİRİŞ - KİŞİSEL İSİM
9 (RLIN) 6962
Kişisel Ad Hoş, Erdal
942 ## - EKLENDİ GİRİŞ ELEMANLARI (KOHA)
Sınıflandırma Veya Raf Düzeni Kaynak Dewey Decimal Classification
Koha Öğesi Türü Books
Holdings
Kalıcı Konum Mevcut Konum Edinme Tarihi Toplam Check-Out'Lar Tam Çağrı Numarası Barkod Tarih Son Görülme İtibaren Geçerli Fiyatlar Koha Öğesi Türü
CHP Kütüphanesi CHP Kütüphanesi 01/31/2022   927.96334 Ç24u 2021 020280 01/31/2022 01/31/2022 Books